| 000 | 00445nam a2200157 a 4500 | ||
|---|---|---|---|
| 001 | 2178 | ||
| 005 | 20140414131916.0 | ||
| 008 | 010328s19uu xx 00 eng d | ||
| 020 | _a0-86227-661-6 | ||
| 050 |
_aER _bH95 1990 |
||
| 245 |
_aHush little baby : _band other bedtime lullabies / _cillustrated by Pam Storey. |
||
| 260 |
_aLondon : _bGrandreams, _c1990. |
||
| 300 | _a1 v. (unp.) : ill. ; cm. | ||
| 650 | _aLullabies. | ||
| 999 |
_c111465 _d111465 |
||